| 000 | 01417nam a22001817a 4500 | ||
|---|---|---|---|
| 008 | 170321b xxu||||| |||| 00| 0 eng d | ||
| 082 |
_22014 _aAV-DVD 614.4 _bS648 |
||
| 100 |
_919356 _aSmith, Guy |
||
| 245 |
_aSurviving ebola/ _cGuy Smith. |
||
| 260 |
_a[United States] : _bWGBH Educational Foundation, _cc2014. |
||
| 300 |
_a1 videodisc : _bsd., col. ; _c4 3/4 in. _fDVD ; NTSC ; region 1 ; _gwidescreen. English: Stereo |
||
| 306 | _a60 minutes | ||
| 520 | _aIn December 2013., in a small village in West Africa, a young boy died from the dreaded disease, Ebola. Over the next nine months the virulent killer would claim more victims than all previous Ebola epidemics put together. And for the first time, the disease escaped the isolated, rural villages where it had first appeared, and traveled in infected patients by air to densely populated cities in several African countries. As the epidemic threatens to spiral out of control, NOVA reports from the hot zone, where courageous medical teams struggle to cope with a flood of victims, to labs where scientists are racing to test vaccines and find cure. Surviving Ebola includes chilling first-hand interviews of what it's like to catch-and survive-this terrible affliction. | ||
| 650 | 0 |
_919358 _aEbola virus disease _xPrevention. |
|
| 650 | 0 |
_919359 _aEbola virus disease _zAfrica, West. |
|
| 650 | 0 |
_919360 _aCommunicable diseases. |
|
| 942 |
_2ddc _cAV-DVD |
||
| 999 |
_c6407 _d6407 |
||